[Event "Pardubice Open A"]
[Site "?"]
[Date "2015.07.26"]
[Round "3.19"]
[White "ZANAN, Evgeny"]
[Black "PIORUN, Kacper"]
[Result "0-1"]
[WhiteElo "2391"]
[BlackElo "2591"]
[PlyCount "124"]
[EventDate "2015.??.??"]
[WhiteClock "0:00:33"]
[BlackClock "0:10:34"]

1. d4 Nf6 2. c4 g6 3. Nc3 Bg7 4. e4 O-O 5. Nf3 d6 6. h3 e5 7. d5 a5 8. Be3 Na6
9. g4 Nd7 10. Rg1 Ndc5 11. Be2 Kh8 12. Qd2 f5 13. gxf5 gxf5 14. Bg5 Bf6 15. Bh6
Rg8 16. O-O-O Nb4 17. Rxg8+ Qxg8 18. Rg1 Qe8 19. Kb1 fxe4 20. Bg5 Qe7 21. Bxf6+
Qxf6 22. Qg5 Qxg5 23. Nxg5 h6 24. Ngxe4 Nxe4 25. Nxe4 Bxh3 26. Ng3 Bd7 27. a3
Na6 28. Rh1 Kg7 29. Nh5+ Kf7 30. Ng3 Rh8 31. Kc2 a4 32. Kd2 Nc5 33. Ke3 Ke7 34.
Rh4 Kf6 35. f4 exf4+ 36. Kxf4 Rf8 37. Ke3 Kg5 38. Rh5+ Kg6 39. Rh1 Re8+ 40. Kf2
Re5 41. Rh4 b5 42. cxb5 Rxd5 43. Rb4 Kg5 44. b6 cxb6 45. Rxb6 Bg4 46. Rb8 Bxe2
47. Nxe2 Rf5+ 48. Ke3 h5 49. Nd4 Re5+ 50. Kf3 Rd5 51. Ke3 Kf6 52. Rf8+ Kg7 53.
Rf1 Re5+ 54. Kf3 Ne4 55. Rc1 Kf6 56. Rc8 Ng5+ 57. Kf2 h4 58. Rh8 h3 59. Ne2 Rb5
60. Rh4 Rb3 61. Rf4+ Ke5 62. Rg4 Ne4+ 0-1

[Event "Pardubice Open A"]
[Site "?"]
[Date "2015.07.26"]
[Round "3.20"]
[White "MARTYNOV, Pavel"]
[Black "SCHLOSSER, Philipp"]
[Result "0-1"]
[WhiteElo "2385"]
[BlackElo "2579"]
[PlyCount "100"]
[EventDate "2015.??.??"]
[WhiteClock "0:30:06"]
[BlackClock "0:35:45"]

1. e4 c5 2. b3 e6 3. Bb2 Nc6 4. g3 d5 5. Bg2 d4 6. d3 e5 7. Nd2 Bd6 8. Ne2 h5
9. Nf3 g5 10. Bc1 f6 11. h4 g4 12. Nh2 Be6 13. f3 gxf3 14. Bxf3 Qd7 15. Ng1 Qh7
16. Qe2 Nge7 17. g4 hxg4 18. Nxg4 Qg7 19. h5 O-O-O 20. h6 Qg6 21. Nh3 Rdg8 22.
Nhf2 Bc7 23. Bd2 Ba5 24. Bxa5 Nxa5 25. O-O-O Nac6 26. Kb1 Qf7 27. Rh2 Rh7 28.
Bh1 Rg6 29. Bf3 Ng8 30. Rdh1 Qf8 31. Qd2 Kb8 32. Bd1 Nd8 33. Qe2 Nf7 34. Qf3
Qe7 35. Rh5 Bc8 36. a4 a6 37. R1h2 Be6 38. Qh1 b5 39. axb5 axb5 40. Qe1 b4 41.
Kc1 Qa7 42. Rf5 Nd6 43. Kd2 Qa1 44. Ke2 Nxf5 45. exf5 Bxf5 46. Kf1 Bxg4 47.
Nxg4 Rxg4 48. Bxg4 Qxe1+ 49. Kxe1 Rxh6 50. Rf2 Ne7 0-1

[Event "Pardubice Open A"]
[Site "?"]
[Date "2015.07.26"]
[Round "3.21"]
[White "LINTCHEVSKI, Daniil"]
[Black "SEGER, Ruediger"]
[Result "1/2-1/2"]
[WhiteElo "2574"]
[BlackElo "2371"]
[PlyCount "150"]
[EventDate "2015.??.??"]
[WhiteClock "0:23:01"]
[BlackClock "0:03:37"]

1. e4 c6 2. d4 d5 3. Nc3 dxe4 4. Nxe4 Bf5 5. Ng3 Bg6 6. h4 h6 7. Nf3 Nd7 8. h5
Bh7 9. Bd3 Bxd3 10. Qxd3 e6 11. Bd2 Ngf6 12. O-O-O Be7 13. Kb1 O-O 14. Ne4 Nxe4
15. Qxe4 Nf6 16. Qe2 Qd5 17. Ne5 Qe4 18. Qxe4 Nxe4 19. Be1 c5 20. f3 Nf6 21.
dxc5 Bxc5 22. c4 Rfd8 23. Bh4 Be7 24. Nd7 Rac8 25. Nxf6+ Bxf6 26. Bxf6 gxf6 27.
Rxd8+ Rxd8 28. Kc2 Rc8 29. Kc3 Kf8 30. b4 Ke7 31. Rd1 f5 32. c5 f6 33. a4 Rd8
34. Rb1 Rd5 35. a5 a6 36. Kc4 Rd2 37. b5 Rc2+ 38. Kb4 axb5 39. Kxb5 Kd7 40. Kb6
Kc8 41. g4 fxg4 42. fxg4 Rc4 43. a6 bxa6 44. Kc6 Rxg4 45. Rb7 a5 46. Rh7 Kb8
47. Kb6 Rb4+ 48. Kxa5 Rb1 49. Ka4 f5 50. Rxh6 Kc7 51. Rxe6 f4 52. Rf6 Rh1 53.
Kb5 Rb1+ 54. Kc4 Rh1 55. Rf5 f3 56. Kb5 Rb1+ 57. Kc4 Rh1 58. Kd5 f2 59. Rf7+
Kc8 60. Rxf2 Rxh5+ 61. Kc6 Rh6+ 62. Kb5 Kc7 63. Rd2 Rg6 64. Rh2 Rf6 65. Rh7+
Kc8 66. Ra7 Kb8 67. Rg7 Kc8 68. Rh7 Rg6 69. Ra7 Kb8 70. Rd7 Kc8 71. Rd6 Rxd6
72. cxd6 Kd7 73. Kc5 Kd8 74. Kd5 Kd7 75. Ke4 Kxd6 1/2-1/2

[Event "Pardubice Open A"]
[Site "?"]
[Date "2015.07.26"]
[Round "3.22"]
[White "CAMARENA GIMENEZ, Rufino"]
[Black "STOCEK, Jiri"]
[Result "0-1"]
[WhiteElo "2378"]
[BlackElo "2573"]
[PlyCount "76"]
[EventDate "2015.??.??"]
[WhiteClock "0:06:28"]
[BlackClock "0:05:53"]

1. d4 d6 2. Nf3 g6 3. c4 Bg7 4. Nc3 Bg4 5. e3 Nf6 6. Be2 O-O 7. h3 Bf5 8. Nh4
Bd7 9. Nf3 Na6 10. e4 e5 11. d5 Nc5 12. Bg5 h6 13. Bxf6 Qxf6 14. b4 Na6 15. a3
Rfd8 16. O-O h5 17. Ne1 Bh6 18. Nd3 c6 19. Rb1 Nc7 20. a4 Rac8 21. b5 cxd5 22.
cxd5 Ne8 23. Qb3 Qg5 24. Kh1 Qd2 25. Rbc1 Rxc3 26. Rxc3 Qxe2 27. Re1 Qd2 28.
Rd1 Qg5 29. a5 Qh4 30. Rc4 Nf6 31. Re1 Bd2 32. Ra1 Bxh3 33. gxh3 Qxh3+ 34. Kg1
Ng4 35. Ra3 Ne3 36. fxe3 Bxe3+ 37. Nf2 Qg3+ 38. Kh1 Qf3+ 0-1

[Event "Pardubice Open A"]
[Site "?"]
[Date "2015.07.26"]
[Round "3.23"]
[White "BURMAKIN, Vladimir"]
[Black "BILGUUN, Sumiya"]
[Result "1-0"]
[WhiteElo "2571"]
[BlackElo "2361"]
[PlyCount "119"]
[EventDate "2015.??.??"]
[WhiteClock "0:29:09"]
[BlackClock "0:13:10"]

1. d4 d5 2. c4 e6 3. Nf3 c6 4. Nbd2 Nf6 5. g3 Nbd7 6. Bg2 Bd6 7. O-O O-O 8. Qc2
Qe7 9. Re1 e5 10. cxd5 cxd5 11. e4 dxe4 12. Nxe4 Nxe4 13. Qxe4 Re8 14. dxe5
Nxe5 15. Nxe5 Bxe5 16. Bf4 Bf6 17. Qxe7 Rxe7 18. Rxe7 Bxe7 19. Rc1 g5 20. Be5
Bd8 21. Bd5 Bb6 22. Bf6 h6 23. a3 Bh3 24. Bxb7 Re8 25. Ba6 Re3 26. Bc3 Bg4 27.
Kg2 Bf3+ 28. Kf1 Re8 29. a4 Rd8 30. Be2 Bxe2+ 31. Kxe2 Bd4 32. b3 Re8+ 33. Kf3
Bxc3 34. Rxc3 Rb8 35. Ke4 Kg7 36. Kd3 Rb7 37. h3 h5 38. Kc2 Kg6 39. Rc6+ f6 40.
Kc3 Re7 41. Kd2 Rb7 42. Rc3 Kf5 43. Ke3 g4 44. hxg4+ hxg4 45. Kd3 Ke5 46. Kc2
f5 47. Rc4 Kd5 48. Rf4 Ke5 49. b4 a6 50. Kb3 Rb8 51. b5 axb5 52. a5 Rf8 53. Kb4
Kd5 54. Kxb5 Rb8+ 55. Ka4 Rb2 56. Rxf5+ Kc6 57. Ka3 Rb1 58. Rf4 Rb5 59. a6 Kb6
60. Rxg4 1-0

[Event "Pardubice Open A"]
[Site "?"]
[Date "2015.07.26"]
[Round "3.24"]
[White "MOEHN, Hans"]
[Black "BORUCHOVSKY, Avital"]
[Result "0-1"]
[WhiteElo "2372"]
[BlackElo "2539"]
[PlyCount "142"]
[EventDate "2015.??.??"]
[WhiteClock "0:03:52"]
[BlackClock "0:05:26"]

1. Nf3 c5 2. c4 Nc6 3. Nc3 e5 4. g3 g6 5. Bg2 Bg7 6. O-O Nge7 7. a3 O-O 8. b4
d5 9. bxc5 dxc4 10. Rb1 Na5 11. Ne1 Nb3 12. d3 Nf5 13. Nd5 Nxc5 14. dxc4 Bd7
15. Nd3 Ba4 16. Qd2 Nxd3 17. Qxd3 Rb8 18. Bd2 Nd4 19. Rfc1 b6 20. Be3 Bd7 21.
Qd2 Bg4 22. h3 Bf5 23. Rb2 Qd7 24. Kh2 Be6 25. Bg5 f6 26. Bh6 Rbc8 27. Bxg7
Kxg7 28. e3 Nf5 29. Qb4 Rc5 30. Rd2 Qf7 31. Qb2 Rfc8 32. g4 Ne7 33. Nxe7 Qxe7
34. Bd5 Bxd5 35. Rxd5 Rxc4 36. Rxc4 Rxc4 37. g5 fxg5 38. Rxe5 Qc7 39. Kg2 Kh6
40. Rd5 Qe7 41. Rd4 Qb7+ 42. Kg1 Rc5 43. Qe2 Rc1+ 44. Rd1 Qc8 45. Kg2 Qc6+ 46.
Kg3 Rc4 47. Rd3 Rh4 48. f4 Qh1 49. fxg5+ Kxg5 50. Qg2 Qxg2+ 51. Kxg2 Ra4 52.
Kg3 Kf5 53. Kf3 a6 54. Rb3 b5 55. Rc3 Ke5 56. Rc5+ Kd6 57. Rc3 Kd5 58. Rd3+ Ke5
59. Rc3 Rh4 60. Rc6 Rxh3+ 61. Ke2 a5 62. Kd3 Kd5 63. Ra6 a4 64. Rb6 Kc5 65. Re6
Rh1 66. Re5+ Kb6 67. Re6+ Ka5 68. e4 Rh3+ 69. Kd4 Rxa3 70. e5 Ra1 71. Re8 Kb4
0-1

[Event "Pardubice Open A"]
[Site "?"]
[Date "2015.07.26"]
[Round "3.25"]
[White "NASUTA, Grzegorz"]
[Black "KRYAKVIN, Dmitry"]
[Result "1/2-1/2"]
[WhiteElo "2365"]
[BlackElo "2529"]
[PlyCount "74"]
[EventDate "2015.??.??"]
[WhiteClock "0:02:29"]
[BlackClock "0:21:22"]

1. e4 e5 2. Nf3 Qe7 3. Bc4 d6 4. d3 h6 5. O-O Nf6 6. h3 g6 7. Be3 Bg7 8. Qd2 c6
9. Nc3 Nbd7 10. Bb3 Nc5 11. Ne2 a5 12. c3 Nh5 13. Bc2 Ne6 14. d4 g5 15. Ng3
Nef4 16. dxe5 dxe5 17. Nxh5 Nxh5 18. Rfd1 Be6 19. b4 Qc7 20. Bc5 Bf8 21. Bxf8
Kxf8 22. Bb3 Nf4 23. Bxe6 fxe6 24. Qd7 Rh7 25. Qxc7 Rxc7 26. Rd2 Ng6 27. a4 Ke7
28. Kf1 Rd7 29. Rxd7+ Kxd7 30. g3 Kc7 31. Ne1 Nf8 32. Ke2 Nd7 33. Nd3 h5 34.
Kf3 Rd8 35. Ke3 Ra8 36. Kf3 Rd8 37. Ke3 Ra8 1/2-1/2

[Event "Pardubice Open A"]
[Site "?"]
[Date "2015.07.26"]
[Round "3.26"]
[White "GHOSH, Diptayan"]
[Black "NUN, Jiri"]
[Result "1-0"]
[WhiteElo "2523"]
[BlackElo "2355"]
[PlyCount "85"]
[EventDate "2015.??.??"]
[WhiteClock "1:12:33"]
[BlackClock "0:29:59"]

1. d4 Nf6 2. Nf3 c5 3. d5 d6 4. Nc3 g6 5. e4 Bg7 6. Be2 O-O 7. O-O Na6 8. h3
Nc7 9. a4 b6 10. Bf4 Bb7 11. Bc4 Nd7 12. Qd3 Ne5 13. Nxe5 dxe5 14. Be3 Ne8 15.
a5 Nd6 16. Rfb1 Qc7 17. b4 cxb4 18. Rxb4 bxa5 19. Nb5 Qd7 20. Rxa5 a6 21. Nxd6
exd6 22. Bxa6 Bxa6 23. Rxa6 Rfc8 24. Rbb6 Rxa6 25. Qxa6 Bf8 26. c4 Qd8 27. g3
h6 28. Rb7 Ra8 29. Qb5 g5 30. Kg2 Qf6 31. Rb8 Rxb8 32. Qxb8 Kg7 33. Qc8 Qe7 34.
Bb6 Qf6 35. Be3 Qe7 36. Kf1 Qf6 37. Ke2 Qe7 38. Bb6 Qf6 39. Qd7 Qg6 40. f3 h5
41. Bd8 Qh6 42. Qf5 f6 43. c5 1-0

[Event "Pardubice Open A"]
[Site "?"]
[Date "2015.07.26"]
[Round "3.27"]
[White "CVEK, Robert"]
[Black "KOZLITIN, Oleg"]
[Result "1-0"]
[WhiteElo "2517"]
[BlackElo "2352"]
[PlyCount "105"]
[EventDate "2015.??.??"]
[WhiteClock "0:10:56"]
[BlackClock "0:03:06"]

1. c4 g6 2. d4 Bg7 3. e4 d6 4. Nf3 e5 5. Be2 Nc6 6. Bg5 Nge7 7. Nc3 h6 8. Be3
Bg4 9. dxe5 dxe5 10. Qxd8+ Rxd8 11. Nd5 Rd7 12. O-O-O O-O 13. Bc5 Re8 14. h3
Nxd5 15. cxd5 Bxf3 16. Bxf3 Nd4 17. Bxd4 exd4 18. Kd2 c6 19. dxc6 bxc6 20. Kd3
Rb8 21. b3 Rb6 22. Rc1 Ra6 23. Rc2 h5 24. g3 Be5 25. Bd1 Bd6 26. f4 Bb4 27. e5
Bc3 28. Re2 Re7 29. g4 h4 30. g5 Kg7 31. Rg1 Re8 32. Rg4 Rh8 33. Rg1 Re8 34.
Rc2 Ra3 35. Re2 c5 36. Rg4 Re6 37. Kc4 Bb4 38. Rgg2 Kf8 39. Rc2 Ke7 40. Bf3 Rb6
41. Bd5 Rb8 42. Kd3 Ra6 43. f5 Rf8 44. Rgf2 Be1 45. Rfe2 Bc3 46. Bc4 Rb6 47.
f6+ Ke8 48. Re4 Rh8 49. e6 fxe6 50. Bxe6 Kf8 51. Rce2 Rh5 52. Bc4 Rb8 53. Re7
1-0

[Event "Pardubice Open A"]
[Site "?"]
[Date "2015.07.26"]
[Round "3.28"]
[White "NGUYEN, Thai Dai Van"]
[Black "RAZNIKOV, Danny"]
[Result "0-1"]
[WhiteElo "2349"]
[BlackElo "2500"]
[PlyCount "218"]
[EventDate "2015.??.??"]
[WhiteClock "0:00:38"]
[BlackClock "0:01:45"]

1. e4 e5 2. Nf3 Nc6 3. Bb5 a6 4. Ba4 Nf6 5. d3 d6 6. c3 g6 7. O-O Bg7 8. Re1
O-O 9. Nbd2 Re8 10. Nf1 h6 11. Ng3 b5 12. Bb3 Na5 13. Bc2 c5 14. h3 d5 15. d4
cxd4 16. cxd4 Bb7 17. Nxe5 dxe4 18. Bf4 Rc8 19. Rc1 Nd5 20. Bd2 e3 21. fxe3 Nc4
22. Nxc4 Rxc4 23. Bd3 Rxc1 24. Bxc1 Qc7 25. Nf1 Nb4 26. Bb1 Qc6 27. Re2 f5 28.
a3 Nd5 29. Rc2 Qd7 30. Rf2 Kh8 31. Bc2 Nf6 32. Ng3 Qc7 33. Ne2 Ne4 34. Bxe4
Bxe4 35. Nc3 Bb7 36. Rf4 h5 37. Rf2 Qc6 38. Qf3 Qxf3 39. gxf3 f4 40. Nd1 Bd5
41. Nc3 Bb7 42. Nd1 Bd5 43. Nc3 fxe3 44. Bxe3 Rxe3 45. Nxd5 Rd3 46. Nf4 Rd1+
47. Kg2 Bxd4 48. Rc2 Rg1+ 49. Kh2 Rb1 50. Nxg6+ Kg7 51. Rc6 a5 52. Ne7 Be5+ 53.
Kg2 Rxb2+ 54. Kf1 Rb3 55. Rc5 Bb2 56. Nf5+ Kg6 57. Nd6 Rxf3+ 58. Kg2 Rxa3 59.
Rxb5 Ra2 60. Nc4 Bc3+ 61. Kg3 Be1+ 62. Kf3 a4 63. Rb6+ Kg5 64. Ra6 Kh4 65. Nb6
Kxh3 66. Rxa4 Rf2+ 67. Ke3 Rf5 68. Nc4 h4 69. Ke2 Bf2 70. Nd6 Rf8 71. Ra5 Bg3
72. Nf5 Kg2 73. Nxh4+ Bxh4 74. Ra4 Bg3 75. Rg4 Re8+ 76. Kd3 Kf3 77. Rg6 Rd8+
78. Kc4 Be5 79. Rh6 Ke4 80. Rh4+ Bf4 81. Rh5 Rd4+ 82. Kb5 Rd1 83. Kc6 Rg1 84.
Rh7 Rc1+ 85. Kb5 Kd5 86. Rh5+ Be5 87. Rh4 Rc8 88. Rh6 Rc5+ 89. Kb4 Rc1 90. Rh3
Rc8 91. Kb3 Rb8+ 92. Kc2 Rb2+ 93. Kd1 Ke4 94. Ke1 Bd4 95. Rh7 Rg2 96. Rf7 Kd3
97. Rf8 Rg7 98. Rf5 Ke3 99. Kd1 Kd3 100. Ke1 Rg1+ 101. Rf1 Rg2 102. Rf7 Be3
103. Rd7+ Ke4 104. Re7+ Kf3 105. Kd1 Rd2+ 106. Ke1 Rd8 107. Rf7+ Bf4 108. Rf5
Rh8 109. Kd1 Rc8 0-1

[Event "Pardubice Open A"]
[Site "?"]
[Date "2015.07.26"]
[Round "3.29"]
[White "YAGUPOV, Igor"]
[Black "KOVALEV, Andrei"]
[Result "0-1"]
[WhiteElo "2342"]
[BlackElo "2491"]
[PlyCount "68"]
[EventDate "2015.??.??"]
[WhiteClock "0:00:32"]
[BlackClock "0:11:09"]

1. e4 d6 2. d4 Nf6 3. Nc3 g6 4. Be3 c6 5. Qd2 Nbd7 6. Nf3 e5 7. h3 Bg7 8. Bd3
O-O 9. O-O Re8 10. Rfd1 exd4 11. Nxd4 Nc5 12. f3 Nxd3 13. Qxd3 d5 14. Nb3 Be6
15. Nc5 Qc7 16. Nxe6 fxe6 17. Bd4 Rad8 18. exd5 exd5 19. Qd2 b6 20. Re1 Qf7 21.
Rxe8+ Rxe8 22. Re1 Rd8 23. b3 c5 24. Bf2 Nh5 25. Rd1 Nf4 26. Kf1 Bxc3 27. Qxc3
d4 28. Qc4 Nd5 29. Re1 Nb4 30. Re7 Qxc4+ 31. bxc4 Nxc2 32. Ke2 d3+ 33. Kd2 Na3
34. Re4 Nb1+ 0-1

[Event "Pardubice Open A"]
[Site "?"]
[Date "2015.07.26"]
[Round "3.30"]
[White "HABA, Petr"]
[Black "LOMASOV, Semen"]
[Result "1/2-1/2"]
[WhiteElo "2488"]
[BlackElo "2342"]
[PlyCount "63"]
[EventDate "2015.??.??"]
[WhiteClock "0:08:01"]
[BlackClock "0:01:30"]

1. e4 e6 2. d4 d5 3. e5 c5 4. c3 Nc6 5. Nf3 Qb6 6. a3 Nh6 7. b4 cxd4 8. cxd4
Nf5 9. Bb2 Bd7 10. g4 Nfe7 11. Nc3 Na5 12. Na4 Qc6 13. Nc5 Nc4 14. Bc1 b6 15.
Nxd7 Qxd7 16. Bd3 b5 17. h4 Nc6 18. h5 Be7 19. Kf1 a5 20. bxa5 Rxa5 21. Kg2 Qa7
22. g5 Bxa3 23. Bxa3 Rxa3 24. Rxa3 Qxa3 25. Qb1 b4 26. Bxh7 Qa7 27. g6 fxg6 28.
Bxg6+ Kd7 29. Bf7 Rh6 30. Rh4 Qa3 31. Rf4 b3 32. Bg6 1/2-1/2

[Event "Pardubice Open A"]
[Site "?"]
[Date "2015.07.26"]
[Round "3.31"]
[White "SANDERS, Isaac B"]
[Black "LALIC, Bogdan"]
[Result "1/2-1/2"]
[WhiteElo "2338"]
[BlackElo "2480"]
[PlyCount "30"]
[EventDate "2015.??.??"]
[WhiteClock "0:54:59"]
[BlackClock "1:19:23"]

1. d4 Nf6 2. Nf3 e6 3. g3 b5 4. Bg5 Bb7 5. Nbd2 c5 6. c3 cxd4 7. cxd4 Nc6 8. e3
a6 9. Bg2 Be7 10. O-O O-O 11. Bxf6 Bxf6 12. Ne4 d6 13. Nxf6+ Qxf6 14. Nd2 Rac8
15. Rc1 Qe7 1/2-1/2

[Event "Pardubice Open A"]
[Site "?"]
[Date "2015.07.26"]
[Round "3.32"]
[White "NAKAR, Eylon"]
[Black "KONGUVEL, Ponnuswamy"]
[Result "1/2-1/2"]
[WhiteElo "2479"]
[BlackElo "2337"]
[PlyCount "101"]
[EventDate "2015.??.??"]
[WhiteClock "0:00:33"]
[BlackClock "0:06:52"]

1. d4 Nf6 2. c4 g6 3. f3 Bg7 4. e4 d6 5. Nc3 O-O 6. Be3 c5 7. Nge2 Nc6 8. d5
Ne5 9. Ng3 h5 10. Be2 h4 11. Nf1 e6 12. Nd2 exd5 13. cxd5 h3 14. g3 a6 15. a4
Bd7 16. O-O b5 17. axb5 axb5 18. Rxa8 Qxa8 19. Bxb5 Bxb5 20. Nxb5 Rb8 21. Nxd6
Qa6 22. N6c4 Nxc4 23. Qe2 Rxb2 24. Qxc4 Qa5 25. Rd1 Nd7 26. f4 Bd4 27. Bxd4
Rxd2 28. Ra1 Qb6 29. Bc3 Rg2+ 30. Kh1 Nf6 31. Qa4 Kh7 32. Qa8 c4 33. Qc8 Rc2
34. Qxh3+ Kg7 35. g4 Ra2 36. Rf1 Kf8 37. g5 Ne8 38. Qh8+ Ke7 39. Qd4 Qxd4 40.
Bxd4 Re2 41. Bc5+ Kd7 42. Ra1 c3 43. Ra7+ Kc8 44. d6 Rd2 45. e5 c2 46. Ba3 Kd8
47. Kg1 Rd3 48. Ra8+ Kd7 49. Ra7+ Kd8 50. Ra8+ Kd7 51. Ra7+ 1/2-1/2

[Event "Pardubice Open A"]
[Site "?"]
[Date "2015.07.26"]
[Round "3.33"]
[White "YUFFA, Daniil"]
[Black "KOTLYAR, Kirill"]
[Result "1/2-1/2"]
[WhiteElo "2474"]
[BlackElo "2330"]
[PlyCount "55"]
[EventDate "2015.??.??"]
[WhiteClock "0:38:28"]
[BlackClock "0:58:21"]

1. d4 Nf6 2. Nf3 g6 3. Nbd2 c5 4. dxc5 Qa5 5. a3 Qxc5 6. b4 Qc7 7. Bb2 Bg7 8.
e3 O-O 9. Be2 b6 10. O-O Bb7 11. c4 d6 12. Qb3 Nbd7 13. Rac1 Rac8 14. Nd4 Ne4
15. Nxe4 Bxe4 16. Nb5 Qb7 17. Bxg7 Kxg7 18. f3 Bc6 19. Nc3 Qa8 20. e4 Nf6 21.
Qd1 Bd7 22. Qd4 Rfd8 23. Qe3 Be6 24. Nd5 Bxd5 25. cxd5 Rxc1 26. Rxc1 Rc8 27.
Rd1 Rc2 28. Rc1 1/2-1/2

[Event "Pardubice Open A"]
[Site "?"]
[Date "2015.07.26"]
[Round "3.34"]
[White "TATE, Alan"]
[Black "NEUMAN, Petr"]
[Result "1/2-1/2"]
[WhiteElo "2335"]
[BlackElo "2470"]
[PlyCount "34"]
[EventDate "2015.??.??"]
[WhiteClock "1:31:33"]
[BlackClock "1:32:32"]

1. e4 d6 2. d4 Nf6 3. Nc3 e5 4. Nf3 Nbd7 5. Bc4 Be7 6. O-O O-O 7. a4 c6 8. Re1
a5 9. h3 Nb6 10. Ba2 Nfd7 11. Be3 exd4 12. Qxd4 Nc5 13. Rad1 Be6 14. Bxe6 fxe6
15. e5 d5 16. Qg4 Qe8 17. Nd4 Qf7 1/2-1/2

[Event "Pardubice Open A"]
[Site "?"]
[Date "2015.07.26"]
[Round "3.36"]
[White "BRYZGALIN, Kirill"]
[Black "MICHENKA, Jozef"]
[Result "1/2-1/2"]
[WhiteElo "2459"]
[BlackElo "2323"]
[PlyCount "49"]
[EventDate "2015.??.??"]
[WhiteClock "0:42:01"]
[BlackClock "0:08:04"]

1. d4 Nf6 2. Nf3 e6 3. Bf4 d5 4. e3 Bd6 5. c3 O-O 6. Bd3 c5 7. O-O b6 8. Ne5
Ba6 9. Bxa6 Nxa6 10. Bg5 Qc7 11. Bxf6 gxf6 12. Qg4+ Kh8 13. Nf3 Rg8 14. Qh3 Rg7
15. Nbd2 Rag8 16. g3 f5 17. Kh1 Nb8 18. dxc5 Bxc5 19. c4 Qb7 20. Qg2 Rd8 21.
Rfd1 Rgg8 22. Ne5 Qc7 23. Nd3 dxc4 24. Nxc4 Rd5 25. Nxc5 1/2-1/2

[Event "Pardubice Open A"]
[Site "?"]
[Date "2015.07.26"]
[Round "3.37"]
[White "MISHUCHKOV, Nikolai M"]
[Black "JANSA, Vlastimil"]
[Result "1/2-1/2"]
[WhiteElo "2320"]
[BlackElo "2457"]
[PlyCount "155"]
[EventDate "2015.??.??"]
[WhiteClock "0:10:09"]
[BlackClock "0:06:06"]

1. d4 Nf6 2. Nf3 g6 3. Bg5 Bg7 4. Nbd2 d5 5. e3 O-O 6. Bd3 c5 7. c3 Qb6 8. Qb3
Nc6 9. O-O c4 10. Qxb6 axb6 11. Bc2 Bf5 12. Bxf6 Bxc2 13. Bxg7 Kxg7 14. e4 dxe4
15. Ne1 Bb3 16. Nxe4 Rxa2 17. Rxa2 Bxa2 18. Nc2 Bb3 19. Na3 e5 20. d5 Na5 21.
Nd2 Rd8 22. Nxb3 cxb3 23. Rd1 b5 24. Nxb5 Nc4 25. d6 Nxb2 26. Rb1 Nc4 27. Rxb3
Nxd6 28. Nxd6 Rxd6 29. h4 b6 30. Kf1 f5 31. Ke2 Kf6 32. g3 Ke6 33. Rb5 Kf6 34.
c4 Rc6 35. Kd3 h6 36. Rb4 g5 37. hxg5+ hxg5 38. Ke3 Rd6 39. Rb5 Rc6 40. Kd3 f4
41. gxf4 gxf4 42. Ke2 Kf5 43. f3 Kf6 44. Kf2 Ke6 45. Ke2 Rxc4 46. Rxb6+ Kd5 47.
Rb2 Rc3 48. Rd2+ Kc4 49. Rd8 Rc2+ 50. Kf1 Rb2 51. Rd7 Rb8 52. Ke2 Ra8 53. Rc7+
Kd5 54. Rd7+ Ke6 55. Rb7 Ra2+ 56. Kf1 Ra3 57. Ke2 Re3+ 58. Kf2 Kd5 59. Rd7+ Kc4
60. Rc7+ Kd3 61. Rd7+ Kc2 62. Rd5 Kc3 63. Ra5 Kc4 64. Ra4+ Kc5 65. Ra5+ Kb4 66.
Rd5 Kc3 67. Ra5 Kc4 68. Kg2 Kb4 69. Rd5 Kc4 70. Ra5 Kd4 71. Ra4+ Kc3 72. Ra5
Kd2 73. Ra2+ Ke1 74. Ra1+ Ke2 75. Ra2+ Kd3 76. Ra3+ Kc4 77. Ra5 Kb4 78. Rd5
1/2-1/2

[Event "Pardubice Open A"]
[Site "?"]
[Date "2015.07.26"]
[Round "3.38"]
[White "BIOLEK, Richard Jr"]
[Black "YURTSEVEN, Melih"]
[Result "1/2-1/2"]
[WhiteElo "2457"]
[BlackElo "2299"]
[PlyCount "143"]
[EventDate "2015.??.??"]
[WhiteClock "0:01:59"]
[BlackClock "0:01:25"]

1. c4 g6 2. Nc3 Bg7 3. g3 c5 4. Bg2 Nc6 5. d3 d6 6. e4 Nf6 7. Nge2 O-O 8. h3
Ne8 9. Be3 Nd4 10. f4 Nc7 11. O-O Rb8 12. Nd5 b5 13. Rb1 bxc4 14. dxc4 Nxd5 15.
cxd5 Ba6 16. Bxd4 cxd4 17. Rf3 Qa5 18. Nc1 Rfc8 19. a3 d3 20. Nxd3 Bxd3 21.
Rxd3 Rxb2 22. Rxb2 Bxb2 23. Qb3 Bf6 24. Kh2 Kg7 25. Qd1 Qb6 26. Qe2 Bd4 27. h4
Bg1+ 28. Kh3 Qf2 29. Qxf2 Bxf2 30. Rd2 Bb6 31. Rd3 Rc1 32. Bf3 h6 33. e5 h5 34.
exd6 exd6 35. Bd1 Bc5 36. g4 hxg4+ 37. Kxg4 Kf6 38. a4 Ra1 39. Kf3 Ra2 40. Kg3
Bf2+ 41. Kg4 Bc5 42. Bb3 Re2 43. Bc4 Kg7 44. Bb3 Re1 45. Kg3 Rg1+ 46. Kh3 Rh1+
47. Kg3 Re1 48. Bd1 Kh6 49. Bf3 Rg1+ 50. Kh2 Ra1 51. Bd1 Bf2 52. f5 Bxh4 53.
fxg6 fxg6 54. Kg2 Ra2+ 55. Kh3 Bf6 56. Kg4 Rg2+ 57. Rg3 Rd2 58. Rh3+ Kg7 59.
Bb3 Be5 60. Re3 Rd4+ 61. Kf3 Rf4+ 62. Ke2 g5 63. Bc2 Rc4 64. Bb3 Rb4 65. Bc2 g4
66. Re4 a5 67. Rxb4 axb4 68. Ke3 Kh6 69. a5 Kg5 70. a6 Bh2 71. Kf2 Be5 72. Ke3
1/2-1/2

[Event "Pardubice Open A"]
[Site "?"]
[Date "2015.07.26"]
[Round "3.39"]
[White "SYLVAN, Jacob"]
[Black "MESKOVS, Nikita"]
[Result "1/2-1/2"]
[WhiteElo "2320"]
[BlackElo "2457"]
[PlyCount "55"]
[EventDate "2015.??.??"]
[WhiteClock "0:22:06"]
[BlackClock "0:18:46"]

1. e4 e5 2. Nf3 Nc6 3. Nc3 Nf6 4. d4 exd4 5. Nxd4 Bb4 6. Nxc6 bxc6 7. Bd3 O-O
8. O-O d5 9. exd5 cxd5 10. h3 c6 11. Qf3 Bd6 12. Bf4 Rb8 13. b3 Rb4 14. Bxd6
Qxd6 15. Ne2 a5 16. Rad1 Be6 17. Rfe1 Ra8 18. c4 a4 19. Nd4 axb3 20. axb3 Bd7
21. Bf5 Rab8 22. Bxd7 Qxd7 23. cxd5 cxd5 24. Rd3 R4b6 25. Nf5 Re8 26. Red1 g6
27. Ne3 Qb7 28. Nxd5 1/2-1/2

[Event "Pardubice Open A"]
[Site "?"]
[Date "2015.07.26"]
[Round "3.40"]
[White "JANZELJ, Tim"]
[Black "VOKAC, Marek"]
[Result "0-1"]
[WhiteElo "2312"]
[BlackElo "2453"]
[PlyCount "98"]
[EventDate "2015.??.??"]
[WhiteClock "0:02:04"]
[BlackClock "0:17:24"]

1. d4 c5 2. d5 e5 3. e4 d6 4. g3 g6 5. Bg2 Bg7 6. Nf3 Nf6 7. Nc3 O-O 8. a4 Nbd7
9. O-O Ne8 10. Bg5 f6 11. Be3 b6 12. h4 Rf7 13. h5 Nf8 14. Qd3 a6 15. Rab1 Bg4
16. Nh2 Bd7 17. f4 exf4 18. gxf4 f5 19. e5 dxe5 20. fxe5 Bxe5 21. Nf3 Bf6 22.
a5 f4 23. Bf2 Nd6 24. axb6 Bf5 25. Qd2 g5 26. Bxc5 Rc8 27. Bd4 g4 28. Ne5 Bxe5
29. Bxe5 f3 30. Bxf3 Nc4 31. Bc7 Nxd2 32. Bxd8 gxf3 33. Bc7 Rcxc7 34. bxc7 Rxc7
35. Ra1 Nxf1 36. Kxf1 Bxc2 37. Kf2 Rf7 38. Rxa6 Nd7 39. h6 Rf5 40. Ra8+ Kf7 41.
Ra7 Ke7 42. b4 Rh5 43. Ra6 Ne5 44. Re6+ Kd7 45. Ke3 Rf5 46. Nb5 f2 47. Rd6+ Ke7
48. Re6+ Kf8 49. Nd6 Nc4+ 0-1

[Event "Pardubice Open A"]
[Site "?"]
[Date "2015.07.26"]
[Round "3.41"]
[White "TOMAZINI, Aljosa"]
[Black "GOLUBOV, Saveliy"]
[Result "1/2-1/2"]
[WhiteElo "2309"]
[BlackElo "2446"]
[PlyCount "70"]
[EventDate "2015.??.??"]
[WhiteClock "0:03:46"]
[BlackClock "0:16:40"]

1. d4 Nf6 2. Nf3 g6 3. c4 Bg7 4. Nc3 O-O 5. e4 d6 6. h3 e5 7. d5 a5 8. g4 Na6
9. Be3 Nd7 10. a3 Nac5 11. Rg1 a4 12. Nd2 c6 13. Qc2 Qa5 14. O-O-O Rb8 15. Na2
cxd5 16. cxd5 b5 17. Nb4 Bb7 18. Kb1 Rfc8 19. Rc1 Nf6 20. g5 Nh5 21. Be2 Nf4
22. Bg4 Rc7 23. Nf3 Re8 24. Bxc5 Rxc5 25. Qd2 Qc7 26. Ne1 h5 27. gxh6 Bxh6 28.
Nec2 Re7 29. Ne3 Qb6 30. h4 Rec7 31. Rce1 Kh7 32. h5 g5 33. Bf5+ Kg7 34. Bg4
Kh7 35. Bf5+ Kg7 1/2-1/2

[Event "Pardubice Open A"]
[Site "?"]
[Date "2015.07.26"]
[Round "3.42"]
[White "TYMRAKIEWICZ, Rafal"]
[Black "KOLOSOWSKI, Mateusz"]
[Result "1/2-1/2"]
[WhiteElo "2306"]
[BlackElo "2437"]
[PlyCount "115"]
[EventDate "2015.??.??"]
[WhiteClock "0:02:01"]
[BlackClock "0:09:57"]

1. d4 Nf6 2. Bg5 c5 3. e3 Qb6 4. Nc3 Qxb2 5. Nge2 cxd4 6. exd4 e6 7. Rb1 Qa3 8.
Bd2 Qe7 9. g3 Qd8 10. Bg2 d5 11. O-O Be7 12. h3 O-O 13. g4 Nc6 14. Be3 b6 15.
g5 Ne8 16. f4 Nd6 17. Ng3 Ba6 18. Re1 Nc4 19. Bf2 Bb4 20. Rb3 N4a5 21. Rxb4
Nxb4 22. a3 Nbc6 23. Qh5 Ne7 24. f5 exf5 25. Rxe7 Qxe7 26. Nxd5 Qe6 27. Nc7 Qd7
28. Nxa6 Rad8 29. Nb4 Qe6 30. c3 Nc4 31. d5 Qg6 32. Qh4 Ne5 33. Bd4 f6 34. gxf6
gxf6 35. Nc6 Rde8 36. Kh2 Nd3 37. d6 f4 38. Ne7+ Rxe7 39. dxe7 Qxg3+ 40. Qxg3+
fxg3+ 41. Kxg3 Re8 42. Bxf6 Kf7 43. Bh4 Rg8+ 44. Kh2 Rxg2+ 45. Kxg2 Ne5 46. a4
Nd3 47. Kf3 Nc5 48. Ke3 Nxa4 49. Kd4 b5 50. Bg5 a6 51. Bh4 h6 52. Bf6 Nb6 53.
Bh4 Nc4 54. Kc5 Ke8 55. Kc6 Ne3 56. Kb6 Nd5+ 57. Kxa6 Nxc3 58. Ka5 1/2-1/2